| 000 | 00633nam a2200181 a 4500 | ||
|---|---|---|---|
| 001 | 2263 | ||
| 003 | CDMR | ||
| 005 | 20131115125512.0 | ||
| 008 | 130130s1989||||||||||||||||||||||||||||d | ||
| 040 |
_aCDMR _bcat _cCDMR |
||
| 100 | 1 |
_aArias Sánchez, Óscar _91684 |
|
| 245 | 1 | 3 | _aLa prensa y la diversidad de opiniones |
| 260 |
_aSan José _c1989 _bColegio de Periodistas de Costa Rica |
||
| 300 | _a20 p. | ||
| 500 | _aDiscurs amb motiu del Primer Congreso de Periodistas, en el XX aniversari del Colegio de Periodistas de Costa Rica, 28 d'octubre de 1989 | ||
| 710 | 2 |
_94295 _aColegio de Periodistas de Costa Rica |
|
| 942 |
_cFULLET _2udc |
||
| 999 |
_c2263 _d2263 |
||